000 00281nam a22001337a 4500
008 181015b xxu||||| |||| 00| 0 eng d
020 _a0394739655
041 _aeng
080 _a940
100 _a16
101 _aSHH
245 _aWorking Lives
_cMiller,M.S
942 _2udc
_cBK
999 _c49728
_d49728